| Tag |
First Indicator |
Second Indicator |
Subfields |
| LEADER |
00000cam a22000001 4500 |
| 001 |
in00000052150 |
| 005 |
20240530142215.0 |
| 008 |
820128s1956 nyu b 000 0 eng |
| 010 |
|
|
|a 56005798
|
| 016 |
|
|
|a (AMICUS)000005993193
|
| 016 |
7 |
|
|a 55521080R
|2 DNLM
|
| 019 |
|
|
|a 191960
|a 978186874
|a 1066884826
|
| 029 |
0 |
|
|a NLM
|b 55521080R
|
| 029 |
1 |
|
|a AU@
|b 000007907698
|
| 029 |
1 |
|
|a DEBBG
|b BV008123115
|
| 029 |
1 |
|
|a NLC
|b 000005993193
|
| 029 |
1 |
|
|a AU@
|b 000067522461
|
| 035 |
|
|
|a (OCoLC)ocm01044043
|
| 035 |
|
|
|a (OCoLC)1044043
|z (OCoLC)191960
|z (OCoLC)978186874
|z (OCoLC)1066884826
|
| 035 |
|
|
|a (OCoLC)ocm01044043
|
| 040 |
|
|
|a NLM
|b eng
|c NLM
|d OUN
|d MUQ
|d DRB
|d DEBBG
|d OCLCF
|d OCLCQ
|d OCLCO
|d OCLCQ
|d NLC
|d OCLCA
|d OCLCQ
|d YT6
|d FQG
|d OCLCQ
|d CNO
|d CPO
|d OCLCO
|d OCLCA
|d OCLCQ
|d PAU
|d YBM
|d OCLCO
|d TWS
|d J9U
|d OCLCO
|d OCLCL
|d CSL
|
| 050 |
|
4 |
|a BF173.F85
|b S35
|
| 060 |
0 |
0 |
|a WZ 100
|b F889SC 1956
|
| 082 |
0 |
4 |
|a 131.3462
|
| 084 |
|
|
|a CU 2563
|2 rvk
|
| 100 |
1 |
|
|a Schoenwald, Richard L.,
|d 1927-1995.
|1 https://id.oclc.org/worldcat/entity/E39PCjvdxWv8GMGq8kJ6mwp8fq
|
| 245 |
1 |
0 |
|a Freud, the man and his mind, 1856-1956 /
|c Richard L. Schoenwald.
|
| 250 |
|
|
|a [1st ed.].
|
| 260 |
|
|
|a New York,
|b Knopf,
|c 1956.
|
| 300 |
|
|
|a 250, v pages
|b portraits
|
| 336 |
|
|
|a text
|b txt
|2 rdacontent
|
| 337 |
|
|
|a unmediated
|b n
|2 rdamedia
|
| 338 |
|
|
|a volume
|b nc
|2 rdacarrier
|
| 504 |
|
|
|a Includes bibliographical references and index.
|
| 505 |
0 |
|
|a Not from a rock or from heaven -- The secret revealed -- Nothing trifling, nothing lawless -- A valuable part of reality -- Psychoanalysis is my creation -- A new and deeper science of the mind -- The demands of civilization -- Epilogue -- A note on what can be learned from books.
|
| 600 |
1 |
0 |
|a Freud, Sigmund,
|d 1856-1939.
|
| 600 |
1 |
2 |
|a Freud, Sigmund,
|d 1856-1939.
|
| 600 |
1 |
6 |
|a Freud, Sigmund,
|d 1856-1939.
|
| 600 |
1 |
7 |
|a Freud, Sigmund,
|d 1856-1939
|2 fast
|1 https://id.oclc.org/worldcat/entity/E39PBJc868dQ6vRkyktcKcT8md
|
| 600 |
1 |
7 |
|a Freud, Sigmund,
|d 1856-1939
|2 nli
|
| 600 |
1 |
7 |
|a Freud, Sigmund.
|2 swd
|
| 758 |
|
|
|i has work:
|a Freud, the man and his mind, 1856-1956 (Text)
|1 https://id.oclc.org/worldcat/entity/E39PCG7v467mDw7rvbwp4Ymgjy
|4 https://id.oclc.org/worldcat/ontology/hasWork
|
| 776 |
0 |
8 |
|i Online version:
|a Schoenwald, Richard L., 1927-
|t Freud, the man and his mind, 1856-1956.
|b [1st ed.].
|d New York, Knopf, 1956
|w (OCoLC)567962514
|
| 948 |
|
|
|h HELD BY TXA - 340 OTHER HOLDINGS
|
| 994 |
|
|
|a Z0
|b TXA
|
| 999 |
f |
f |
|s c248e718-b2d5-3fec-a0a5-63db9424162d
|i f271a2c5-3aa7-3803-b806-c25ce7bcf2c8
|t 0
|
| 952 |
f |
f |
|p ric
|a Texas A&M University
|b Rellis Campus
|c Joint Library Facility
|d Remote Storage
|t 0
|e BF173.F85 S35
|h Library of Congress classification
|i unmediated -- volume
|m A14800511058
|
| 998 |
f |
f |
|a BF173.F85 S35
|t 0
|l Remote Storage
|